| 000 | 00700cam a2200193 4500 | ||
|---|---|---|---|
| 001 | D7393 | ||
| 008 | 090401t1978 xxu||||| |||| 00| 0 eng d | ||
| 035 | _a(Sirsi) u7051 | ||
| 041 | _aeng | ||
| 050 | _a692.9 | ||
| 110 |
_aNational Federation of Building Trades Employers _91526 |
||
| 245 | _aSub-contract (non-nominated) .... approved by the National Federation of Building Trades Employers, the Federation of Associations of Specialists and Sub-Contractors, the Committee of Associations of Specialist Engineering Contractors | ||
| 250 | _aRev | ||
| 260 |
_aLondon _bNational Federation of Building Trades E _c1978 |
||
| 300 | _a28p. 30cm | ||
| 350 | _a0 | ||
| 942 | _n0 | ||
| 948 | _c04/03/1997 | ||
| 999 |
_c86386 _d86386 |
||